| 000 | 00634nam a2200205Ia 4500 | ||
|---|---|---|---|
| 003 | OSt | ||
| 005 | 20230602110245.0 | ||
| 008 | 210423s1987 xx 000 0 und d | ||
| 040 | _cAL | ||
| 041 | _aeng | ||
| 082 |
_a331.25 _223 _bMANM |
||
| 100 |
_aMANTON (Charles) _9118645 |
||
| 245 | _aModular vocational training: national scheme now in operation in scotlant | ||
| 260 |
_aGeneva _bInternational Labour Office _c1987 |
||
| 365 | _cINR | ||
| 650 |
_aEconomics _9118646 |
||
| 650 |
_aLabour Economics _9118647 |
||
| 906 | _aModular ; national ; now ; operation ; scheme ; scotlant ; training: ; vocational | ||
| 942 |
_2ddc _cBK |
||
| 999 |
_c174738 _d174738 |
||